000
00317nam a22001337a 4500
008
170926b xxu||||| |||| 00| 0 eng d
020
_a
2900131193535
041
_a
eng
080
_2
2ND
_a
37
100
_a
46
101
_a
EDU
245
_a
STUDENTS IN SPECIAL AND GENERAL EDUCATION
_c
SPINELLI,C.G
942
_2
udc
_c
BK
999
_c
30031
_d
30031